|
|
|
|
| LEADER |
01151ncm a22002772a 4500 |
| 001 |
001334489 |
| 003 |
CZ BrMZK |
| 005 |
20140502130452.0 |
| 007 |
qu |
| 008 |
031103s1937 xr f cze d |
| 040 |
|
|
|a BOA001
|b cze
|
| 072 |
|
7 |
|a 785
|x Instrumentální hudba. Symfonická hudba. Hudba pro více nástrojů
|2 Konspekt
|9 9
|
| 100 |
1 |
|
|a Čech, František,
|d 1907-1975
|7 xx0006365
|4 cmp
|4 lyr
|
| 245 |
1 |
0 |
|a Já mám holku z monopolu
|h [hudebnina] :
|b agrární polka /
|c slova i hudba: Franta Čech ; Pěšáci, pěšáci : vojenská pochodová píseň / slova: Jos. Soukup ; hudba: Jos. Svárovský ; arrang.: V. Vlásek
|
| 260 |
|
|
|a Praha :
|b A.J. Boháč,
|c c1937
|
| 300 |
|
|
|a 15 hlasů
|
| 500 |
|
|
|a Univerzální orchestr
|
| 500 |
|
|
|a Party klavíru a houslí podloženy textem
|
| 700 |
1 |
|
|a Soukup, Josef,
|d 1882-1966
|7 jk01120551
|4 lyr
|
| 700 |
1 |
|
|a Svárovský, Josef,
|d 1901-
|7 ola2008455806
|4 cmp
|
| 700 |
1 |
|
|a Vlásek, Václav
|4 arr
|
| 740 |
0 |
2 |
|a Pěšáci, pěšáci
|
| 910 |
|
|
|a BOA001
|b Mus4-0173.620
|
| 990 |
|
|
|a MU
|
| 991 |
|
|
|b 201310
|
| 996 |
6 |
|
|b 2619606833
|c Mus4-0173.620
|l MZK
|r Sklad / do 1 hodiny
|n 0
|w 001369332
|u 000010
|a 1
|e BOA001
|j MZK50
|s P
|